00226nam a2200085Ia 4500008004100000082001600041245003600057260003600093300001100129230907s9999||||xx |||||||||||||| ||und|| a361.06bHOU 0aCounselling skills and theory / aHodder Education,bOxon :c2014 a348 p.